<?xml version="1.0" encoding="UTF-8"?>
<collection xmlns:xsi="http://www.w3.org/2001/XMLSchema-instance" xsi:schemaLocation="http://www.loc.gov/MARC21/slim http://www.loc.gov/standards/marcxml/schema/MARC21slim.xsd" xmlns="http://www.loc.gov/MARC21/slim">
 <record>
  <leader>00000cam a22000003i 4500</leader>
  <controlfield tag="001">UP-1685594773862157880</controlfield>
  <controlfield tag="003">Buklod</controlfield>
  <controlfield tag="005">20240215115650.0</controlfield>
  <controlfield tag="006">g||| |     ||   ||</controlfield>
  <controlfield tag="007">ta</controlfield>
  <controlfield tag="008">190226s2015    xx      rb   |||1 u|eng d</controlfield>
  <datafield tag="020" ind1=" " ind2=" ">
   <subfield code="a">9781107538122 (paperback)</subfield>
  </datafield>
  <datafield tag="035" ind1=" " ind2=" ">
   <subfield code="a">(iLib)UPBAG-00033089595</subfield>
  </datafield>
  <datafield tag="037" ind1=" " ind2=" ">
   <subfield code="a">BC-70836</subfield>
   <subfield code="b">Fastbooks Educational Supply, Inc.</subfield>
   <subfield code="c">Php7,000.00</subfield>
   <subfield code="n">DHPh Faculty</subfield>
  </datafield>
  <datafield tag="040" ind1=" " ind2=" ">
   <subfield code="a">OLC</subfield>
   <subfield code="d">BAG</subfield>
   <subfield code="e">rda</subfield>
  </datafield>
  <datafield tag="041" ind1="0" ind2=" ">
   <subfield code="a">eng</subfield>
  </datafield>
  <datafield tag="090" ind1=" " ind2="0">
   <subfield code="a">BJ 1521</subfield>
   <subfield code="b">A44 2015</subfield>
  </datafield>
  <datafield tag="100" ind1="1" ind2=" ">
   <subfield code="a">Alfano, Mark</subfield>
   <subfield code="d">1983-</subfield>
   <subfield code="e">author.</subfield>
  </datafield>
  <datafield tag="245" ind1="1" ind2="0">
   <subfield code="a">Character as moral fiction</subfield>
   <subfield code="c">Mark Alfano.</subfield>
  </datafield>
  <datafield tag="250" ind1=" " ind2=" ">
   <subfield code="a">First paperback edition.</subfield>
  </datafield>
  <datafield tag="264" ind1=" " ind2="1">
   <subfield code="a">Cambridge, United Kingdom</subfield>
   <subfield code="b">Cambridge University Press</subfield>
   <subfield code="c">2015.</subfield>
  </datafield>
  <datafield tag="264" ind1=" " ind2="4">
   <subfield code="c">©2013.</subfield>
  </datafield>
  <datafield tag="300" ind1=" " ind2=" ">
   <subfield code="a">ix, 226 pages</subfield>
   <subfield code="c">23 cm</subfield>
  </datafield>
  <datafield tag="336" ind1=" " ind2=" ">
   <subfield code="a">text</subfield>
   <subfield code="2">rdacontent</subfield>
  </datafield>
  <datafield tag="337" ind1=" " ind2=" ">
   <subfield code="a">unmediated</subfield>
   <subfield code="2">rdamedia</subfield>
  </datafield>
  <datafield tag="338" ind1=" " ind2=" ">
   <subfield code="a">volume</subfield>
   <subfield code="2">rdacarrier</subfield>
  </datafield>
  <datafield tag="500" ind1=" " ind2=" ">
   <subfield code="a">Includes bibliographical references (pages 206 -224) and index.</subfield>
  </datafield>
  <datafield tag="505" ind1="0" ind2=" ">
   <subfield code="a">Identifying the hard core of virtual ethics -- Rearticulating the situationist challenge -- Attempts to defend virtue ethics -- Factitious moral virtue -- Expanding the situationist challenge to responsibilist virtue epistemology -- Expanding the situationist challenge to reliabilist virtue epistemology -- Factitious intellectual virtue -- To see as we are seen : an investigation of social distance heuristics.</subfield>
  </datafield>
  <datafield tag="520" ind1=" " ind2=" ">
   <subfield code="a">&quot;In Advertisers at Work, readers will gain insights from the most interesting people working in the field of advertising today, told in their own words. Guided by interviewer Dr. Tracy Tuten, 18 advertising leaders share their favorite stories, debunk the myths of advertising, make predictions on the industry's future, pay homage to the lions of the past, and offer insights into what it takes to win in the ad game today. Each chapter is devoted to one advertising executive, showcasing that person's unique vision and perspective into the world of advertising. Who are these leaders? Talent, perseverance, creativity, and pure grit set these people apart--and that's where their similarities end. With a mix of senior contributors and up-and-coming talent representing the creative crafts, media, planning, and account services from a variety of agencies and locales, this book pulls back the curtain and invites readers to live each leader's experiences up close. They'll learn from the advertisers at work. Every interview shows how advertising leaders have an impact on a day-to-day basis: charting strategy, making effective pitches, managing clients and key partners, calling in the creative muse, reading the public's mood, developing the right mix of media to launch a campaign, or pouncing on opportunities the rest of us can't see. This book: Shares the untold stories of senior executives and rising stars in advertising ; Demystifies the craft of advertising from the perspectives of creatives, media strategists, planners, and account executives ; Provides insights, strategies, and tactics readers can put to work immediately ; Offers predictions on the rapidly changing advertising landscape.&quot;--Publisher's website.</subfield>
  </datafield>
  <datafield tag="650" ind1=" " ind2="0">
   <subfield code="a">Character.</subfield>
  </datafield>
  <datafield tag="650" ind1=" " ind2="0">
   <subfield code="a">Virtue.</subfield>
  </datafield>
  <datafield tag="650" ind1=" " ind2="0">
   <subfield code="a">Normativity (Ethics)</subfield>
  </datafield>
  <datafield tag="905" ind1=" " ind2=" ">
   <subfield code="a">FO</subfield>
  </datafield>
  <datafield tag="852" ind1="0" ind2=" ">
   <subfield code="a">UPBAG</subfield>
   <subfield code="b">UPBAG-MAIN</subfield>
   <subfield code="h">BJ 1521 A44 2015</subfield>
  </datafield>
  <datafield tag="942" ind1=" " ind2=" ">
   <subfield code="a">Book</subfield>
  </datafield>
 </record>
</collection>
